| Tag |
First Indicator |
Second Indicator |
Subfields |
| LEADER |
00000cgm a2200000Ia 4500 |
| 001 |
in00002217618 |
| 005 |
20151104084918.0 |
| 007 |
vd cvaizq |
| 008 |
061114p20051975enk204 g vlhin d |
| 024 |
3 |
|
|a 5032239920168
|
| 028 |
4 |
2 |
|a DVD-E 016
|b Eros
|
| 035 |
|
|
|a (OCoLC)ocm76945507
|
| 040 |
|
|
|a WYU
|c WYU
|d TXA
|d UtOrBLW
|
| 041 |
1 |
|
|a hin
|j eng
|
| 043 |
|
|
|a a-ii---
|
| 049 |
|
|
|a TXAM
|
| 090 |
|
|
|a PN1995.9.F67
|b S536 2005
|
| 130 |
0 |
|
|a Sholay (Motion picture)
|
| 245 |
1 |
0 |
|a Sholay /
|c Sippy Films present ; written by Salim-Javed ; produced by G.P. Sippy ; directed by Ramesh Sippy.
|
| 246 |
1 |
|
|i Title on disc and container:
|a G.P. Sippy's Sholay
|
| 264 |
|
1 |
|a London ;
|a Seacaucus, NJ :
|b Eros International,
|c [2005]
|
| 264 |
|
4 |
|c ©2005
|
| 300 |
|
|
|a 1 videodisc (approximately 204 min.) :
|b sound, color ;
|c 4 3/4 in.
|
| 336 |
|
|
|a two-dimensional moving image
|b tdi
|2 rdacontent
|
| 337 |
|
|
|a video
|b v
|2 rdamedia
|
| 338 |
|
|
|a videodisc
|b vd
|2 rdacarrier
|
| 538 |
|
|
|a DVD 9; all regions; NTSC format; Dolby digital stereo surround.
|
| 546 |
|
|
|a In Hindi with optional English subtitles.
|
| 511 |
1 |
|
|a Dharmendra, Sanjeev Kumar, Hema Malini, Amitabh Bachchan, Jaya Bhaduri, Amjad Khan.
|
| 508 |
|
|
|a Editing, M.S. Shinde ; director of photography, Dwarka Divecha ; music, R.D. Burman ; lyrics, Anand Bakshi.
|
| 500 |
|
|
|a Originally released as a motion picture in 1975.
|
| 500 |
|
|
|a Dual layer format.
|
| 521 |
8 |
|
|a MPAA rating: PG.
|
| 520 |
|
|
|a In this film, India's best-known "curry" western, two small-time crooks are hired by an ex-cop, Thakur, to stop the tyranny of Gabbar Singh who massacred Thakur's family. It is also the story of a village that realizes non-violence does not mean cowardice, but that it can stand up to terror and lawlessness.
|
| 506 |
|
|
|a Educational and home use only.
|
| 500 |
|
|
|a Videorecording.
|
| 650 |
|
0 |
|a Dacoits
|z India
|v Drama.
|
| 650 |
|
0 |
|a Revenge
|v Drama.
|
| 655 |
|
7 |
|a Feature films.
|2 lcgft
|
| 655 |
|
0 |
|a Motion pictures, Indic.
|
| 655 |
|
0 |
|a Foreign films.
|
| 700 |
1 |
|
|a Sippy, Ramesh.
|
| 700 |
1 |
|
|a Sippy, G. P.
|q (Gopaldas Parmanand),
|d 1915-2007.
|
| 700 |
1 |
|
|a Khan, Salim.
|
| 700 |
1 |
|
|a Ak̲h̲tar, Jāvīd,
|d 1945-
|
| 700 |
0 |
|
|a Dharmendra,
|d 1935-
|
| 700 |
1 |
|
|a Kumar, Sanjeev,
|d 1938-1985.
|
| 700 |
0 |
|
|a Hema Malini.
|
| 700 |
1 |
|
|a Bhaduri, Jaya.
|
| 700 |
1 |
|
|a Bachchan, Amitabh,
|d 1942-
|
| 700 |
1 |
|
|a Khan, Amjad,
|d 1940-1992.
|
| 700 |
1 |
|
|a Burman, Rahul Dev.
|
| 700 |
1 |
|
|a Bakshi, Anand.
|
| 710 |
2 |
|
|a Sippy Films (Firm)
|
| 710 |
2 |
|
|a Eros International (Firm)
|
| 994 |
|
|
|a C0
|b TXA
|
| 948 |
|
|
|a cataloged
|b h
|c 2006/12/13
|d c
|e jho
|f 6:02:50 pm
|
| 949 |
|
|
|a enhanced
|b h
|c 2006/12/13
|d c
|e jho
|f 6:02:54 pm
|
| 999 |
|
|
|a MARS
|
| 999 |
f |
f |
|s 1aca0a64-8358-3584-ae5c-3966104d236d
|i 5692b11d-baf2-3043-948b-c077790cd5ad
|t 0
|
| 952 |
f |
f |
|p dvd
|a Texas A&M University
|b College Station
|c Sterling C. Evans Library
|d Evans: Media and Reserves (Annex 1st floor)
|t 0
|e PN1995.9.F67 S536 2005
|h Library of Congress classification
|i video -- videodisc
|m A14834993559
|
| 998 |
f |
f |
|a PN1995.9.F67 S536 2005
|t 0
|l Evans: Media and Reserves (Annex 1st floor)
|